000
00234nam a22001097a 4500
999
_c
533314
_d
533314
020
_a
978-1842653371
040
_c
DLC
082
_a
624.171
_b
MEN
100
_a
Menon, Devdas
_9
27158
245
_a
Structural Analysis
942
_2
ddc
_c
BK